| 000 | 01197nam a2200289 a 4500 | ||
|---|---|---|---|
| 001 | 31659 | ||
| 003 | BD-RjUL | ||
| 005 | 20211209051730.0 | ||
| 008 | 140421r19641883enka b 001 0 eng d | ||
| 035 |
_a(BD-RjUL)31747 _aCURL 020000123647(Edi) from rajwc130 |
||
| 035 | _a(OCoLC)1806651 | ||
| 040 |
_aLC _beng _cLC _dBD-RjUL |
||
| 041 | 1 |
_aeng _hger |
|
| 082 | 0 | 4 |
_a121.4 _223 _bSCW V-1 1964 |
| 100 | 1 |
_aSchopenhauer, Arthur, _d1788-1860. _994560 |
|
| 245 | 1 | 4 |
_aThe world as will and idea / _cby Arthur Schopenhauer. |
| 260 |
_aLondon : _bRoutledge & Kegan Paul, _c1883 [Impression 1950, 1957, 1964]. |
||
| 300 |
_a v. ; _c22 cm. |
||
| 504 | _aIncludes bibliographical footnotes and index. | ||
| 505 | 0 | _av. 1. Containing four books -- v. 2. Containing the criticism of the Kantian philosophy and the supplements to the first book and part of the second book of volume I -- v. 3. Containing supplements to part of the second book and to the third and fourth books of volume I. | |
| 650 | 0 |
_aIdea (Philosophy). _991627 |
|
| 650 | 0 |
_aKnowledge, Theory of. _995032 |
|
| 650 | 0 |
_aPhilosophy, Modern _y19th century. _989034 |
|
| 650 | 0 |
_aWill. _995033 |
|
| 942 |
_2ddc _cBK |
||
| 999 |
_c31659 _d31659 |
||